[Event "London Classic op U2050-B 11th"]
[Site "London"]
[Date "2019.12.02"]
[Round "1"]
[White "Boger, Raymond"]
[Black "Baumgartner, Christopher"]
[Result "1-0"]
[WhiteElo "1972"]
[BlackElo "1764"]
[PlyCount "49"]
[EventDate "2019.12.02"]
[EventType "swiss"]
[EventRounds "5"]
[EventCountry "ENG"]
[SourceTitle "CBM 195 Extra"]
[Source "ChessBase"]
[SourceDate "2020.05.31"]
[SourceVersion "1"]
[SourceVersionDate "2020.05.31"]
[SourceQuality "1"]

1. c4 c5 2. g3 Nc6 3. Bg2 g6 4. Nc3 Bg7 5. a3 e6 6. Rb1 Nge7 7. b4 cxb4 8. axb4 0-0 9. b5 Nb8 10. Ba3 d6 11. Qb3 Bd4 12. e3 Bc5 13. Bb2 Nd7 14. Nge2 Bb6 15. d4 e5 16. 0-0 Rb8 17. Rfd1 Qc7 18. Rbc1 Nf6 19. Nd5 Nfxd5 20. cxd5 Qd8 21. dxe5 Bg4 22. f3 Nxd5 23. Rxd5 Be6 24. Nf4 Bxd5 25. Nxd5 1-0

[Event "NOR-ch Seniors 50"]
[Site "Larvik"]
[Date "2019.07.12"]
[Round "8"]
[White "Hansen, Svein Erik"]
[Black "Boger, Raymond"]
[Result "1/2-1/2"]
[WhiteElo "2064"]
[BlackElo "1957"]
[PlyCount "84"]
[EventDate "2019.07.05"]
[EventType "swiss"]
[EventRounds "9"]
[EventCountry "NOR"]
[SourceTitle "EXT 2024"]
[Source "ChessBase"]
[SourceDate "2023.10.10"]
[SourceVersion "1"]
[SourceVersionDate "2023.10.10"]
[SourceQuality "1"]

1. d4 g6 2. Nf3 Bg7 3. g3 d6 4. Bg2 e5 5. dxe5 dxe5 6. Qxd8+ Kxd8 7. Nc3 c6 8. Be3 f6 9. 0-0-0+ Nd7 10. Ne4 Ke7 11. Rd2 Bh6 12. Bxh6 Nxh6 13. Rhd1 Nf7 14. c4 Nb6 15. b3 Bf5 16. Nc5 Rab8 17. Nh4 Bc8 18. f4 exf4 19. gxf4 Rd8 20. Nf3 Rxd2 21. Rxd2 Nd7 22. Ne4 Nf8 23. Nd4 Ne6 24. Nxe6 Bxe6 25. Nc5 f5 26. Kc2 Nd6 27. e3 h6 28. h4 Rg8 29. Nd3 g5 30. hxg5 hxg5 31. fxg5 Rxg5 32. Nf4 Bd7 33. Kd3 Nf7 34. Rd1 Ne5+ 35. Ke2 Ng6 36. Bf3 Nxf4+ 37. exf4 Rg7 38. Ke3 Rh7 39. Rh1 Rxh1 40. Bxh1 Kd6 41. Kd4 b6 42. Bf3 Be8 1/2-1/2

[Event "NOR-ch Seniors 50"]
[Site "Larvik"]
[Date "2019.07.07"]
[Round "3"]
[White "Boger, Raymond"]
[Black "Gyldenas, Ole Jorn"]
[Result "0-1"]
[WhiteElo "1957"]
[BlackElo "1957"]
[PlyCount "86"]
[EventDate "2019.07.05"]
[EventType "swiss"]
[EventRounds "9"]
[EventCountry "NOR"]
[SourceTitle "EXT 2024"]
[Source "ChessBase"]
[SourceDate "2023.10.10"]
[SourceVersion "1"]
[SourceVersionDate "2023.10.10"]
[SourceQuality "1"]

1. c4 Nf6 2. g3 e6 3. Bg2 d5 4. Nf3 Be7 5. 0-0 0-0 6. d4 c5 7. cxd5 exd5 8. Nc3 Nc6 9. h3 h6 10. Be3 b6 11. Qd2 Ne4 12. Qd1 Nxc3 13. bxc3 c4 14. Qd2 Bf5 15. Ne5 Rc8 16. g4 Be6 17. f4 Rc7 18. f5 Bc8 19. Bf4 Bg5 20. Rae1 Bxf4 21. Qxf4 f6 22. Nxc6 Rxc6 23. e4 dxe4 24. Rxe4 Rc7 25. d5 Rd7 26. Rxc4 Ba6 27. Rd1 Bxc4 28. Qxc4 Rd6 29. Re1 Qc8 30. Qb4 Qc7 31. c4 Rc8 32. h4 Qc5+ 33. Qxc5 Rxc5 34. Bf1 Kf8 35. g5 fxg5 36. hxg5 hxg5 37. Kf2 b5 38. Rb1 bxc4 39. Rb8+ Ke7 40. Ke3 Rdxd5 41. Rb7+ Kf6 42. Rxa7 c3 43. Ra6+ Kxf5 0-1

[Event "NOR-ch Seniors 50"]
[Site "Sarpsborg"]
[Date "2018.07.11"]
[Round "6"]
[White "Boger, Raymond"]
[Black "Bjornes, Leif"]
[Result "1-0"]
[WhiteElo "1948"]
[BlackElo "1939"]
[PlyCount "75"]
[EventDate "2018.07.07"]
[EventType "swiss"]
[EventRounds "9"]
[EventCountry "NOR"]
[SourceTitle "EXT 2024"]
[Source "ChessBase"]
[SourceDate "2023.10.10"]
[SourceVersion "1"]
[SourceVersionDate "2023.10.10"]
[SourceQuality "1"]

1. c4 c6 2. g3 d5 3. Bg2 Nf6 4. Nf3 g6 5. b3 Bg7 6. Bb2 0-0 7. 0-0 Nbd7 8. d4 b6 9. Ne5 Nxe5 10. dxe5 Ne4 11. f3 Nc5 12. b4 Na6 13. b5 cxb5 14. cxd5 Nc5 15. f4 b4 16. a3 bxa3 17. Rxa3 Bb7 18. Nc3 Qd7 19. Ne4 Nxe4 20. Bxe4 e6 21. Rd3 Qb5 22. Ba3 Rfc8 23. Bf3 exd5 24. Bxd5 Bxd5 25. Rxd5 Qe8 26. Qd2 Rd8 27. e4 Bf8 28. Bxf8 Qxf8 29. Rd1 Rdc8 30. f5 Rc4 31. Qg5 Rcc8 32. e6 f6 33. Qg4 Qh6 34. Qf4 Qxf4 35. gxf4 Rc7 36. Rd8+ Rxd8 37. Rxd8+ Kg7 38. Rd7+ 1-0

[Event "NOR-ch Seniors 50"]
[Site "Sarpsborg"]
[Date "2018.07.08"]
[Round "3"]
[White "Hansen, Svein Erik"]
[Black "Boger, Raymond"]
[Result "1-0"]
[WhiteElo "2041"]
[BlackElo "1948"]
[PlyCount "45"]
[EventDate "2018.07.07"]
[EventType "swiss"]
[EventRounds "9"]
[EventCountry "NOR"]
[SourceTitle "EXT 2024"]
[Source "ChessBase"]
[SourceDate "2023.10.10"]
[SourceVersion "1"]
[SourceVersionDate "2023.10.10"]
[SourceQuality "1"]

1. d4 g6 2. c4 Bg7 3. Nc3 Nc6 4. Nf3 e5 5. dxe5 Nxe5 6. Nxe5 Bxe5 7. e4 Bg7 8. Be2 Ne7 9. Be3 d6 10. Qd2 Be6 11. Bd4 f6 12. Nd5 0-0 13. 0-0 Nc6 14. Bc3 Qd7 15. b4 Rae8 16. f4 f5 17. exf5 Bxf5 18. Bf3 a6 19. Qb2 Bxc3 20. Qxc3 Qg7 21. Qxg7+ Kxg7 22. Nxc7 Nxb4 23. Nxe8+ 1-0

[Event "London Classic op"]
[Site "London"]
[Date "2017.12.06"]
[Round "6"]
[White "Boger, Raymond"]
[Black "Neatherway, A Philip"]
[Result "1/2-1/2"]
[WhiteElo "1986"]
[BlackElo "1806"]
[PlyCount "115"]
[EventDate "2017.12.02"]
[EventType "swiss"]
[EventRounds "9"]
[EventCountry "ENG"]
[SourceTitle "CBM 182 Extra"]
[Source "ChessBase"]
[SourceDate "2018.02.23"]
[SourceVersion "1"]
[SourceVersionDate "2018.02.23"]
[SourceQuality "1"]

1. c4 e5 2. g3 Nf6 3. Bg2 Nc6 4. Nc3 Bc5 5. e3 0-0 6. Nge2 Re8 7. 0-0 d6 8. d4 Bb6 9. d5 Ne7 10. e4 a6 11. Bg5 Ng6 12. Qd2 h6 13. Be3 Bxe3 14. Qxe3 Ng4 15. Qd2 Qg5 16. f4 exf4 17. gxf4 Qh4 18. h3 Nf6 19. Qe3 Bd7 20. Qg3 Re7 21. Rae1 Rae8 22. Qxh4 Nxh4 23. Ng3 Nxg2 24. Kxg2 b5 25. cxb5 axb5 26. b4 Nxe4 27. Ncxe4 f5 28. Nxd6 Rxe1 29. Nxe8 Rxf1 30. Kxf1 Bxe8 31. Ke2 Bd7 32. h4 Kf7 33. Kd3 Kf6 34. Kd4 g5 35. hxg5+ hxg5 36. fxg5+ Kxg5 37. Ke5 Kg4 38. Ne2 Kg5 39. Nf4 Kg4 40. Ne6 Bc8 41. a3 Bd7 42. Nc5 Bc8 43. Nd3 Kf3 44. Ne1+ Ke3 45. Nc2+ Kd3 46. Ne1+ Kc4 47. d6 cxd6+ 48. Kxd6 Kb3 49. Kc5 Bd7 50. Kd4 f4 51. Nd3 Kxa3 52. Nxf4 Kxb4 53. Nd3+ Ka5 54. Kc3 Bf5 55. Nb4 Ka4 56. Na6 Ka3 57. Nb4 Be4 58. Na6 1/2-1/2

[Event "NOR-ch Klasse1"]
[Site "Stavanger"]
[Date "2017.07.07"]
[Round "8"]
[White "Boger, Raymond"]
[Black "Smeby, Ole"]
[Result "0-1"]
[WhiteElo "2014"]
[BlackElo "1938"]
[PlyCount "80"]
[EventDate "2017.07.01"]
[EventType "swiss"]
[EventRounds "9"]
[EventCountry "NOR"]
[SourceTitle "EXT 2018"]
[Source "ChessBase"]
[SourceDate "2017.10.13"]
[SourceVersion "1"]
[SourceVersionDate "2017.10.13"]
[SourceQuality "1"]

1. c4 b6 2. Nc3 Bb7 3. e4 e6 4. g3 f5 5. Bg2 Nf6 6. d3 Bb4 7. f3 fxe4 8. dxe4 Bxc3+ 9. bxc3 d6 10. Bh3 Qe7 11. c5 dxc5 12. Ne2 e5 13. Qb3 Nc6 14. g4 Na5 15. Qc2 h6 16. c4 Nd7 17. 0-0 0-0-0 18. a4 Kb8 19. Bd2 Nc6 20. a5 Nf8 21. Nc3 Nb4 22. Qb2 Qh4 23. axb6 axb6 24. Kg2 Ng6 25. Nd5 Bxd5 26. cxd5 Kb7 27. f4 Nxf4+ 28. Rxf4 exf4 29. Bxf4 Nd3 30. Qb5 Nxf4+ 31. Kh1 Nxd5 32. exd5 Rxd5 33. Bg2 Rhd8 34. Bxd5+ Rxd5 35. Qa6+ Kc6 36. Qa8+ Kd6 37. Qf8+ Qe7 38. Qf4+ Qe5 39. Qf8+ Kd7 40. Qf7+ Kc6 0-1

[Event "Honefoss CC-ch"]
[Site "Honefoss"]
[Date "2017.03.07"]
[Round "5"]
[White "Boger, Raymond"]
[Black "Norbakken, Eirik"]
[Result "0-1"]
[WhiteElo "1910"]
[BlackElo "1309"]
[PlyCount "62"]
[EventDate "2017.01.10"]
[EventType "swiss"]
[EventRounds "9"]
[EventCountry "NOR"]
[SourceTitle "EXT 2024"]
[Source "ChessBase"]
[SourceDate "2023.10.10"]
[SourceVersion "1"]
[SourceVersionDate "2023.10.10"]
[SourceQuality "1"]

1. e4 c6 2. Nc3 d5 3. d3 g6 4. g3 Bg7 5. Bg2 e6 6. Nh3 Nd7 7. 0-0 Nc5 8. f3 Qb6 9. Kh1 Ne7 10. Nf2 d4 11. Ne2 0-0 12. f4 e5 13. h3 f5 14. c3 fxe4 15. cxd4 Nxd3 16. Nxd3 exd3 17. Qxd3 exd4 18. Qc4+ Kh8 19. g4 c5 20. f5 gxf5 21. Nf4 Bd7 22. Nh5 Bb5 23. Qc2 Bxf1 24. Bxf1 fxg4 25. Bg5 Rad8 26. Nxg7 Kxg7 27. Bd3 Ng6 28. hxg4 Qc6+ 29. Kh2 Qd6+ 30. Kg2 Qd5+ 31. Kh2 Qxg5 0-1

[Event "London Classic op 5th"]
[Site "London"]
[Date "2013.12.15"]
[Round "9"]
[White "Dror, Levi L"]
[Black "Boger, Raymond"]
[Result "0-1"]
[WhiteElo "1835"]
[BlackElo "1937"]
[PlyCount "36"]
[EventDate "2013.12.07"]
[EventType "swiss"]
[EventRounds "9"]
[EventCountry "ENG"]
[SourceTitle "CBM 157 Extra"]
[Source "ChessBase"]
[SourceDate "2013.12.19"]
[SourceVersion "1"]
[SourceVersionDate "2013.12.19"]
[SourceQuality "1"]

1. e4 g6 2. Nf3 Bg7 3. d4 d6 4. c4 Nc6 5. Nc3 e5 6. d5 Nce7 7. Be2 Nh6 8. b4 0-0 9. c5 f5 10. Bg5 Nf7 11. Bxe7 Qxe7 12. Rc1 Bh6 13. Rc2 dxc5 14. bxc5 Qxc5 15. 0-0 fxe4 16. Nxe4 Qe7 17. Qa1 Bf5 18. Rc4 b5 0-1

[Event "London Classic op 5th"]
[Site "London"]
[Date "2013.12.13"]
[Round "7"]
[White "Mende, Andreas"]
[Black "Boger, Raymond"]
[Result "1-0"]
[WhiteElo "2161"]
[BlackElo "1937"]
[PlyCount "51"]
[EventDate "2013.12.07"]
[EventType "swiss"]
[EventRounds "9"]
[EventCountry "ENG"]
[SourceTitle "CBM 157 Extra"]
[Source "ChessBase"]
[SourceDate "2013.12.19"]
[SourceVersion "1"]
[SourceVersionDate "2013.12.19"]
[SourceQuality "1"]

1. d4 Nf6 2. c4 g6 3. g3 Bg7 4. Bg2 0-0 5. Nc3 d6 6. Nf3 Nc6 7. 0-0 Rb8 8. h3 a6 9. e4 e5 10. d5 Na5 11. Qe2 c5 12. dxc6 bxc6 13. Rd1 Be6 14. c5 Bc4 15. Qc2 Ne8 16. b4 Rxb4 17. Ba3 Rb7 18. cxd6 Nb3 19. axb3 Bxb3 20. Qb2 Bxd1 21. Qxb7 Bxf3 22. Bxf3 Nxd6 23. Qxc6 Qc8 24. Qxc8 Rxc8 25. Bxd6 Rxc3 26. Rxa6 1-0

[Event "NOR-ch Class1"]
[Site "Lillehammer"]
[Date "2013.06.29"]
[Round "4"]
[White "Boger, Raymond"]
[Black "Opdahl, Andreas"]
[Result "0-1"]
[WhiteElo "1969"]
[BlackElo "1871"]
[PlyCount "172"]
[EventDate "2013.06.29"]
[EventType "swiss"]
[EventRounds "9"]
[EventCountry "NOR"]
[SourceTitle "EXT 2015"]
[Source "ChessBase"]
[SourceDate "2014.11.20"]
[SourceVersion "1"]
[SourceVersionDate "2014.11.20"]
[SourceQuality "1"]

1. c4 g6 2. g3 Bg7 3. Bg2 d6 4. Nc3 e5 5. e4 Ne7 6. d3 0-0 7. Nge2 Nbc6 8. 0-0 f5 9. Nd5 Nxd5 10. cxd5 Ne7 11. Be3 c5 12. Qd2 b5 13. f4 fxe4 14. dxe4 Kh8 15. fxe5 Bxe5 16. Rxf8+ Qxf8 17. Rf1 Qe8 18. Bh6 Ng8 19. Rf8 Qe7 20. Nc3 Bd4+ 21. Kh1 a6 22. Qg5 Bf6 23. Qe3 Bb7 24. Rxa8 Bxa8 25. h4 Nxh6 26. Qxh6 b4 27. Na4 Bg7 28. Qd2 Bb7 29. Nb6 Qd8 30. Nc4 Qe7 31. Qf4 Be5 32. Nxe5 dxe5 33. Qd2 Qd6 34. Bh3 Bc6 35. Qg5 Be8 36. Be6 Kg7 37. Kg2 Bf7 38. Bxf7 Kxf7 39. Qh6 Kg8 40. h5 c4 41. hxg6 hxg6 42. Qc1 Qc5 43. Qg5 Qd6 44. Qg4 c3 45. bxc3 Kg7 46. cxb4 Qxb4 47. Qe2 Qa3 48. Qc2 Kh6 49. Qd2+ Kh5 50. Qd1+ Kg5 51. Qd2+ Kg4 52. Qe2+ Kg5 53. Kf2 Qd6 54. Qe3+ Kf6 55. g4 Ke7 56. g5 Qc7 57. Qa3+ Kf7 58. Qxa6 Qc5+ 59. Kg2 Qc2+ 60. Kf3 Qd1+ 61. Qe2 Qh1+ 62. Kg3 Ke7 63. Qe3 Qa1 64. Qa7+ Ke8 65. d6 Qe1+ 66. Kf3 Qd1+ 67. Kf2 Qd2+ 68. Kf1 Qxd6 69. Qa8+ Ke7 70. Qb7+ Kf8 71. Ke2 Qc5 72. Qb3 Qd4 73. Qc2 Qa1 74. Qd2 Ke8 75. Qc2 Kd8 76. a4 Ke8 77. Qc4 Qb2+ 78. Kd3 Qa1 79. Qg8+ Ke7 80. Qg7+ Kd8 81. Qxg6 Qd4+ 82. Ke2 Qc4+ 83. Kf2 Qc2+ 84. Kg3 Qd3+ 85. Kg4 Qd7+ 86. Kh5 Qh3# 0-1

[Event "NOR-ch Class1"]
[Site "Lillehammer"]
[Date "2013.06.29"]
[Round "9"]
[White "Boger, Raymond"]
[Black "Tufta, Jon Gunnar"]
[Result "0-1"]
[WhiteElo "1969"]
[BlackElo "1817"]
[PlyCount "66"]
[EventDate "2013.06.29"]
[EventType "swiss"]
[EventRounds "9"]
[EventCountry "NOR"]
[SourceTitle "EXT 2015"]
[Source "ChessBase"]
[SourceDate "2014.11.20"]
[SourceVersion "1"]
[SourceVersionDate "2014.11.20"]
[SourceQuality "1"]

1. c4 b6 2. Nc3 Bb7 3. e4 e6 4. g3 c5 5. Bg2 Nc6 6. d3 g6 7. Nge2 Bg7 8. 0-0 Nge7 9. Be3 Nd4 10. Qd2 h5 11. Bxd4 cxd4 12. Nb5 d6 13. Nbxd4 h4 14. f4 hxg3 15. hxg3 e5 16. Nf3 Qd7 17. Kf2 f5 18. Ng5 Ng8 19. Rh1 Nh6 20. Bf3 0-0-0 21. a4 a5 22. b4 exf4 23. Rab1 fxg3+ 24. Kg2 fxe4 25. dxe4 Rdf8 26. Nxg3 Ng4 27. Rxh8 Rxh8 28. Qf4 Rh2+ 29. Kf1 Rf2+ 30. Kg1 Bd4 31. e5 Rxf3+ 32. Qxd4 Rxg3+ 33. Kf1 Qf5+ 0-1

[Event "NOR-ch Class1"]
[Site "Lillehammer"]
[Date "2013.06.29"]
[Round "3"]
[White "Satre, Roger"]
[Black "Boger, Raymond"]
[Result "1/2-1/2"]
[WhiteElo "1835"]
[BlackElo "1969"]
[PlyCount "80"]
[EventDate "2013.06.29"]
[EventType "swiss"]
[EventRounds "9"]
[EventCountry "NOR"]
[SourceTitle "EXT 2015"]
[Source "ChessBase"]
[SourceDate "2014.11.20"]
[SourceVersion "1"]
[SourceVersionDate "2014.11.20"]
[SourceQuality "1"]

1. e4 g6 2. Nc3 Bg7 3. g3 Nc6 4. Bg2 e5 5. d3 d6 6. Be3 Nh6 7. h3 f5 8. Qd2 Nf7 9. h4 h5 10. Nh3 Nd4 11. 0-0-0 c6 12. f4 Qa5 13. Kb1 Be6 14. fxe5 dxe5 15. Ng5 Nxg5 16. Bxg5 Nb5 17. Rhf1 f4 18. Rh1 Bf8 19. Nd5 Qxd2 20. Rxd2 cxd5 21. exd5 Bf5 22. Bf6 Bb4 23. c3 Nxc3+ 24. bxc3 Bxc3 25. Bxh8 Bxd2 26. Rd1 Bc3 27. gxf4 Bg4 28. Rh1 Rc8 29. Bxe5 Rc5 30. Bxc3 Rxc3 31. Be4 Bf5 32. Rc1 Ra3 33. Kb2 Ra4 34. Kb3 b5 35. Rc6 Kf7 36. Bxf5 gxf5 37. Rh6 Rxf4 38. Rxh5 a5 39. a3 Kg6 40. Rh8 Rd4 1/2-1/2

[Event "Stavanger op A"]
[Site "Stavanger"]
[Date "2013.05.??"]
[Round "1"]
[White "Boger, Raymond"]
[Black "Fossan, Erik"]
[Result "1/2-1/2"]
[WhiteElo "1960"]
[BlackElo "2363"]
[PlyCount "56"]
[EventDate "2013.05.08"]
[EventType "swiss"]
[EventRounds "6"]
[EventCountry "NOR"]
[SourceTitle "EXT 2024"]
[Source "ChessBase"]
[SourceDate "2023.10.10"]
[SourceVersion "1"]
[SourceVersionDate "2023.10.10"]
[SourceQuality "1"]

1. c4 c5 2. g3 Nc6 3. Bg2 g6 4. Nc3 Bg7 5. a3 d6 6. Rb1 a5 7. Nf3 e5 8. 0-0 Nge7 9. Ne1 Be6 10. Nd5 Rb8 11. d3 0-0 12. b4 axb4 13. axb4 Bxd5 14. cxd5 Nxb4 15. Bd2 Nbxd5 16. Qb3 Nc7 17. Bxb7 Qd7 18. Nc2 d5 19. Ba5 Ne6 20. Qb5 Qd6 21. Qa4 Nc8 22. Ne3 d4 23. Nc4 Qe7 24. Bg2 Rxb1 25. Rxb1 Nd6 26. Nxd6 Qxd6 27. Rb6 Qe7 28. Qc4 Qa7 1/2-1/2

[Event "London Classic op 4th"]
[Site "London"]
[Date "2012.12.08"]
[Round "8"]
[White "Boger, Raymond"]
[Black "Cannon, Richard James"]
[Result "1/2-1/2"]
[WhiteElo "1946"]
[BlackElo "2071"]
[PlyCount "107"]
[EventDate "2012.12.01"]
[EventType "swiss"]
[EventRounds "9"]
[EventCountry "ENG"]
[SourceTitle "EXT 2014"]
[Source "ChessBase"]
[SourceDate "2013.11.20"]
[SourceVersion "1"]
[SourceVersionDate "2013.11.20"]
[SourceQuality "1"]

1. g3 e5 2. Bg2 d5 3. d3 Nf6 4. e4 dxe4 5. dxe4 Qxd1+ 6. Kxd1 Ng4 7. Nh3 Bc5 8. f3 Ne3+ 9. Bxe3 Bxe3 10. Ke2 Bc5 11. Rd1 Nc6 12. c3 b6 13. Nf2 Ba6+ 14. Ke1 Be3 15. Bf1 Bxf1 16. Kxf1 Rd8 17. Na3 Bxf2 18. Kxf2 a6 19. Nc4 0-0 20. Rd5 f5 21. Ke3 f4+ 22. Ke2 b5 23. Rc5 bxc4 24. Rxc6 Rd6 25. Rxd6 cxd6 26. b4 Rf6 27. Kf2 fxg3+ 28. hxg3 g5 29. g4 h5 30. gxh5 g4 31. Rg1 Rxf3+ 32. Ke2 Rxc3 33. Rxg4+ Kh7 34. Rg6 Rd3 35. a4 Rd4 36. b5 axb5 37. axb5 c3 38. Rg3 Rxe4+ 39. Kd3 Rb4 40. Kxc3 Rxb5 41. Rg6 Rd5 42. Kc4 Rd1 43. Re6 d5+ 44. Kc5 e4 45. Kd6 Rd2 46. h6 Rd3 47. Ke5 d4 48. Kf4 e3 49. Kg5 Ra3 50. Re7+ Kg8 51. Re8+ Kh7 52. Re7+ Kg8 53. Re8+ Kh7 54. Re7+ 1/2-1/2

[Event "London Classic op 4th"]
[Site "London"]
[Date "2012.12.07"]
[Round "7"]
[White "Whatley, Stephen Arthur"]
[Black "Boger, Raymond"]
[Result "0-1"]
[WhiteElo "1707"]
[BlackElo "1946"]
[PlyCount "132"]
[EventDate "2012.12.01"]
[EventType "swiss"]
[EventRounds "9"]
[EventCountry "ENG"]
[SourceTitle "CBM 151 Extra"]
[Source "ChessBase"]
[SourceDate "2012.12.18"]
[SourceVersion "1"]
[SourceVersionDate "2012.12.18"]
[SourceQuality "1"]

1. d4 g6 2. Nf3 Bg7 3. e4 d6 4. Nc3 Nc6 5. Bb5 Bd7 6. Be3 e5 7. dxe5 dxe5 8. 0-0 Nge7 9. Nd5 a6 10. Bc4 f6 11. Qd2 h5 12. Rfd1 Nc8 13. b4 Nd6 14. Bd3 0-0 15. Bc5 Kh7 16. c4 Bg4 17. b5 Bxf3 18. gxf3 Nd4 19. Bxd4 exd4 20. bxa6 bxa6 21. c5 Nf7 22. Qe2 Ng5 23. Nf4 Qd7 24. Kh1 Rae8 25. Rg1 Bh6 26. Nxg6 Kxg6 27. f4 Qh3 28. fxg5 fxg5 29. Rg3 Qh4 30. Bc2 Re5 31. Qxa6+ Rf6 32. Qe2 Qf4 33. Rg2 Bf8 34. a4 Bxc5 35. a5 Qf3 36. Bd1 Qxe2 37. Bxe2 Rf8 38. a6 Kf6 39. Bxh5 d3 40. Rg3 Rd8 41. Rf3+ Ke7 42. a7 Ra8 43. Rxd3 Rxa7 44. Rxa7 Bxa7 45. f3 Bc5 46. Bg4 Bd6 47. Kg2 c5 48. Rc3 Kf6 49. Rd3 Bc7 50. Rd7 Re7 51. Rd5 Re5 52. Rd1 c4 53. Rd7 Rc5 54. Rd2 c3 55. Rc2 Ke5 56. Kf2 Kd4 57. Ke2 Bxh2 58. Bh5 Bf4 59. Bg6 Rc6 60. Bf5 Rh6 61. Kd1 Be5 62. Ke2 Kc4 63. Bc8 Kb3 64. Rc1 c2 65. Bd7 Kb2 66. Rxc2+ Kxc2 0-1

[Event "London Classic op 4th"]
[Site "London"]
[Date "2012.12.04"]
[Round "4"]
[White "Boger, Raymond"]
[Black "Steil Antoni, Fiona"]
[Result "1/2-1/2"]
[WhiteElo "1946"]
[BlackElo "2169"]
[PlyCount "70"]
[EventDate "2012.12.01"]
[EventType "swiss"]
[EventRounds "9"]
[EventCountry "ENG"]
[SourceTitle "CBM 151 Extra"]
[Source "ChessBase"]
[SourceDate "2012.12.18"]
[SourceVersion "1"]
[SourceVersionDate "2012.12.18"]
[SourceQuality "1"]

1. c4 d6 2. g3 e5 3. Bg2 f5 4. d4 e4 5. Nc3 c6 6. Nh3 Nf6 7. 0-0 Na6 8. f3 exf3 9. exf3 Be7 10. Re1 0-0 11. d5 c5 12. Bg5 h6 13. Qe2 Rf7 14. Nb5 hxg5 15. Nxg5 Bf8 16. Nxf7 Kxf7 17. Bh3 Bd7 18. g4 Qa5 19. Nc3 Re8 20. Qg2 Rxe1+ 21. Rxe1 Qb4 22. gxf5 Qxc4 23. Qg6+ Kg8 24. Re4 Nxe4 25. Nxe4 Qd4+ 26. Kh1 Nc7 27. Ng5 Qd1+ 28. Kg2 Qe2+ 29. Kg1 Qe1+ 30. Kg2 Qe2+ 31. Kg3 Qe1+ 32. Kg4 Qg1+ 33. Kh4 Qf2+ 34. Kg4 Qg1+ 35. Kh4 Qf2+ 1/2-1/2

[Event "London Classic op"]
[Site "London"]
[Date "2011.12.08"]
[Round "6"]
[White "Mareckova, Martina"]
[Black "Boger, Raymond"]
[Result "1-0"]
[WhiteElo "2123"]
[BlackElo "1959"]
[PlyCount "67"]
[EventDate "2011.12.03"]
[EventType "swiss"]
[EventRounds "9"]
[EventCountry "ENG"]
[SourceTitle "CBM 145 Extra"]
[Source "ChessBase"]
[SourceDate "2012.01.03"]
[SourceVersion "1"]
[SourceVersionDate "2012.01.03"]
[SourceQuality "1"]

1. e4 g6 2. Nc3 Bg7 3. g3 Nc6 4. Bg2 e5 5. d3 d6 6. Nge2 Nh6 7. h3 Be6 8. Be3 f5 9. d4 exd4 10. Nxd4 Nxd4 11. Bxd4 Bxd4 12. Qxd4 0-0 13. 0-0-0 f4 14. gxf4 Rxf4 15. Ne2 Rf8 16. f4 Qf6 17. Qxf6 Rxf6 18. e5 dxe5 19. fxe5 Rf2 20. Bxb7 Rb8 21. Ba6 Rb6 22. Rd3 Nf5 23. Nc3 c5 24. Ne4 Rf3 25. Nxc5 Ne3 26. Rd2 Bxh3 27. Be2 Rg3 28. Ne4 Rg2 29. Rxh3 Nf5 30. Nf6+ Kf7 31. Rxh7+ Kf8 32. Rh8+ Kg7 33. Rh1 g5 34. Rh7+ 1-0

[Event "London Classic op"]
[Site "London"]
[Date "2011.12.07"]
[Round "5"]
[White "Boger, Raymond"]
[Black "Blazquez, Denis"]
[Result "1/2-1/2"]
[WhiteElo "1959"]
[BlackElo "2178"]
[PlyCount "107"]
[EventDate "2011.12.03"]
[EventType "swiss"]
[EventRounds "9"]
[EventCountry "ENG"]
[SourceTitle "CBM 145 Extra"]
[Source "ChessBase"]
[SourceDate "2012.01.03"]
[SourceVersion "1"]
[SourceVersionDate "2012.01.03"]
[SourceQuality "1"]

1. c4 e6 2. g3 d5 3. Bg2 Nf6 4. Nf3 c6 5. 0-0 Be7 6. d4 0-0 7. Nc3 Nbd7 8. cxd5 exd5 9. Re1 Re8 10. Qd3 a5 11. Bf4 Nf8 12. Ne5 Ng6 13. e4 Nxf4 14. gxf4 dxe4 15. Nxe4 Bb4 16. Re2 Bf5 17. a3 Bd6 18. Qb3 Bxe5 19. dxe5 Nd5 20. Nd6 Be6 21. Nxe8 Nxf4 22. Nf6+ Qxf6 23. Qxb7 Nxe2+ 24. Kf1 Qd8 25. Kxe2 Bc4+ 26. Ke1 Rb8 27. Qxc6 Qd3 28. Qe4 Qxe4+ 29. Bxe4 Rxb2 30. Rb1 Re2+ 31. Kd1 g6 32. Bd5 Ba6 33. Bb7 Bd3 34. Rb3 Bc2+ 35. Kxe2 Bxb3 36. Kd3 Kf8 37. f4 Ke7 38. Kd4 Bd1 39. Kc5 g5 40. fxg5 Ke6 41. Kd4 Kf5 42. Be4+ Kxg5 43. Bxh7 Kg4 44. Be4 Kh3 45. Bd5 Bh5 46. Kc5 Kxh2 47. Kb5 Kg3 48. Kxa5 Kf4 49. e6 fxe6 50. Bxe6 Ke5 51. Bc8 Kd6 52. Kb6 Be8 53. Ba6 Ba4 54. Bb5 1/2-1/2